=LDR 00000nam 2200000 4500 =001 INLIS000000000055696 =005 20200818103755 =035 ##$$a 0010-0620000136 =007 ta =008 200818################g##########0#ind## =082 ##$$a 2x5.2 =084 ##$$a 2x5.2 TAI m =100 1#$$a Taimiyah, Ibnu =245 1#$$a Memahami gangguan hati : $b Berikut terapinya /$c Ibnu Taimiyah =250 ##$$a cet.1 =260 ##$$a {s.l} :$b H.I Press,$c 1997 =300 ##$$a xvii, 109 hlm., ; $c 12x17 cm =600 #4$$a Tasawuf =990 ##$$a 1036407 =990 ##$$a 1036408